000
00278nam a22001217a 4500
008
180514b xxu||||| |||| 00| 0 eng d
041
_a
eng
080
_a
043.3
100
_a
0
101
_a
MBE-BA
245
_a
Planifikimi i Potencialeve Njerezore
_c
Kurti, E
942
_2
udc
_c
BK
999
_c
45772
_d
45772